|
|
|
|
| LEADER |
00899nab a2200193 i 4500 |
| 001 |
acta50442 |
| 005 |
20260224081030.0 |
| 008 |
200724s1946 hu o 000 fre d |
| 040 |
|
|
|a SZTE Egyetemi Kiadványok Repozitórium
|b hun
|
| 041 |
|
|
|a fre
|
| 100 |
1 |
|
|a Miháltz István
|
| 245 |
1 |
0 |
|a Pierres calcaires aux eaux douces d'entre la Tisza et le Danube
|h [elektronikus dokumentum] /
|c Miháltz István
|
| 260 |
|
|
|c 1946
|
| 300 |
|
|
|a 25
|
| 490 |
0 |
|
|a Annales de l'Institut Scientifique de l'Alföld
|
| 650 |
|
4 |
|a Természettudományok
|
| 695 |
|
|
|a Mészképződmények - édesvízi - Magyarország - regionális - előadáskivonat, Alföldkutatás - előadáskivonat, Duna-Tisza köze - előadáskivonat, Alföld - előadáskivonat, Mészképződés - előadáskivonat
|
| 700 |
0 |
2 |
|a M. Faragó Mária
|e aut
|
| 856 |
4 |
0 |
|u http://acta.bibl.u-szeged.hu/50442/1/alfoldi_tud_001_fr_rezume_025.pdf
|z Dokumentum-elérés
|